| 000 | 00535nam a2200181 4500 | ||
|---|---|---|---|
| 001 | 112844 | ||
| 003 | ES-MaACL | ||
| 005 | 20230906185642.0 | ||
| 007 | t| | ||
| 008 | 061121q1905 sp r ||||1| spa d | ||
| 100 | 1 |
_aNuel, J. P. _986121 |
|
| 245 | 1 | 3 |
_aLa visión / _cpor el Dr. J. P. Nuel ; traducida por Víctor Martín. |
| 260 |
_aMadrid : _b[Ginés Carrión], _c1905? |
||
| 300 |
_a404 p. ; _c19 x 13 cm. |
||
| 500 | _aLa anteportada lleva fecha de 1914. | ||
| 700 | 1 |
_aMartín, Víctor. _977375 |
|
| 852 |
_aES-MaACL _jB-11983 |
||
| 999 |
_c112844 _d112844 |
||